LEADER 00875nam0-22003371i-450- 001 990001714690403321 005 20070608132241.0 035 $a000171469 035 $aFED01000171469 035 $a(Aleph)000171469FED01 035 $a000171469 100 $a20030910d1863----km-y0itay50------ba 101 0 $afre 102 $aFR 200 1 $aLaiterie, beurre et fromages$fFélix Villeroy 210 $aParis$cLibrairie Agricole de la Maison Rustique$d[1863] 215 $a392 p.$d18 cm 610 0 $aFormaggio 610 0 $aLatte 610 0 $aBurro 676 $a637.1 676 $a637.2 676 $a637.3 700 1$aVilleroy,$bFélix$0354956 801 0$aIT$bUNINA$gRICA$2UNIMARC 901 $aBK 912 $a990001714690403321 952 $a60 637.1 C 1$b3156$fFAGBC 959 $aFAGBC 996 $aLaiterie, beurre et fromages$9358932 997 $aUNINA LEADER 02172nam 2200553 a 450 001 9910452632803321 005 20200520144314.0 010 $a1-61168-478-1 035 $a(CKB)2550000001110731 035 $a(EBL)1170378 035 $a(OCoLC)856628704 035 $a(SSID)ssj0000956332 035 $a(PQKBManifestationID)11519653 035 $a(PQKBTitleCode)TC0000956332 035 $a(PQKBWorkID)10964463 035 $a(PQKB)10622543 035 $a(MiAaPQ)EBC1170378 035 $a(MdBmJHUP)muse32030 035 $a(Au-PeEL)EBL1170378 035 $a(CaPaEBR)ebr10753205 035 $a(CaONFJC)MIL510656 035 $a(EXLCZ)992550000001110731 100 $a20130417d2013 uy 0 101 0 $aeng 135 $aur|n|---||||| 181 $ctxt 182 $cc 183 $acr 200 14$aThe cycle$b[electronic resource] $ea practical approach to managing arts organizations /$fMichael M. Kaiser with Brett E. Egan 210 $aWaltham, Mass. $cBrandeis University Press$d2013 215 $a1 online resource (205 p.) 300 $aDescription based upon print version of record. 311 $a1-61168-400-5 311 $a1-299-79405-X 327 $aProgramming: It is all about the art -- Programmatic marketing: putting butts in seats -- Institutional marketing: image is everything -- Building the base: it's all in the family -- Assembling a productive board: the head of the family -- Generating revenue: earning rent from the cycle -- Controlling expenses: not glamorous, but essential -- Implementing the cycle: the cycle worksheet -- When the cycle breaks -- The cycle and strategic planning. 330 $aOffers practical advice, based on the notion of a "family" of supporters, for managing healthy arts organizations 606 $aPerforming arts$xManagement 608 $aElectronic books. 615 0$aPerforming arts$xManagement. 676 $a791/.068 700 $aKaiser$b Michael M$0971838 701 $aEgan$b Brett E$0971839 801 0$bMiAaPQ 801 1$bMiAaPQ 801 2$bMiAaPQ 906 $aBOOK 912 $a9910452632803321 996 $aThe cycle$92209582 997 $aUNINA LEADER 02525nam 2200589Ia 450 001 9910455474303321 005 20210427165907.0 010 $a1-280-45098-3 010 $a9786610450985 010 $a0-19-802547-5 010 $a0-585-36390-0 035 $a(CKB)111004366526894 035 $a(StDuBDS)AH24085065 035 $a(SSID)ssj0000108017 035 $a(PQKBManifestationID)11983956 035 $a(PQKBTitleCode)TC0000108017 035 $a(PQKBWorkID)10013701 035 $a(PQKB)11629139 035 $a(MiAaPQ)EBC3052182 035 $a(Au-PeEL)EBL3052182 035 $a(CaPaEBR)ebr10211787 035 $a(CaONFJC)MIL45098 035 $a(OCoLC)922952847 035 $a(EXLCZ)99111004366526894 100 $a19940802d1995 uy 0 101 0 $aeng 135 $aur||||||||||| 181 $ctxt 182 $cc 183 $acr 200 10$aAutonomous agents$b[electronic resource] $efrom self-control to autonomy /$fAlfred R. Mele 210 $aNew york $cOxford University Press$d1995 215 $a1 online resource (viii, 271 p.) 300 $aBibliographic Level Mode of Issuance: Monograph 311 $a0-19-509454-9 320 $aIncludes bibliographical references and index. 330 $aAlfred Mele examines the concept of self-control on its terms, followed by an examination of its bearing on one's actions, beliefs, and emotions. He considers how, by understanding self-control, man can shed light on autonomous behaviour. 330 $bAutonomous Agents addresses the related topics of self-control and individual autonomy. "Self-control" is defined as the opposite of akrasia-weakness of will. The study of self-control seeks to understand the concept of its own terms, followed by an examination of its bearing on one's actions, beliefs, emotions, and personal values. It goes on to consider how a proper understanding of self-control and its manifestations can shed light on personal autonomy and autonomous behaviour. Perspicuous, objective, and incisive throughout, Alfred Mele makes a convincing case for the value of individual autonomy. 606 $aSelf-control 606 $aAutonomy (Philosophy) 608 $aElectronic books. 615 0$aSelf-control. 615 0$aAutonomy (Philosophy) 676 $a128/.3 700 $aMele$b Alfred R.$f1951-$0877919 801 0$bMiAaPQ 801 1$bMiAaPQ 801 2$bMiAaPQ 906 $aBOOK 912 $a9910455474303321 996 $aAutonomous agents$92057620 997 $aUNINA